[Event "FSGM December"]
[Site "Budapest HUN"]
[Date "2006.12.02"]
[Round "13"]
[White "Fogarasi,T"]
[Black "Smith,Bry"]
[Result "1/2-1/2"]
[WhiteElo "2425"]
[BlackElo "2390"]

1.Nf3 d5 2.g3 c6 3.Bg2 Bg4 4.d3 Nd7 5.h3 Bh5 6.Nbd2 Ngf6 7.O-O e5 8.e4 dxe4
9.dxe4 Bc5 10.c3 a5 11.a4 O-O 12.Qe2 Qc7 13.Rd1  1/2-1/2

[Event "XV Asiad Men's Rapid"]
[Site "Doha QAT"]
[Date "2006.12.02"]
[Round "2"]
[White "Dableo,R"]
[Black "Nguyen Anh Dung"]
[Result "1/2-1/2"]
[WhiteElo "2425"]
[BlackElo "2541"]

1.Nf3 d5 2.g3 c6 3.Bg2 Nf6 4.O-O Bg4 5.d3 Nbd7 6.Nbd2 e5 7.c3 Bd6 8.e4 O-O
9.h3 Bh5 10.Qc2 Re8 11.Re1 a5 12.Nh4  1/2-1/2

[Event "ch-ROM"]
[Site "Predeal ROM"]
[Date "2006.12.02"]
[Round "6"]
[White "Badea,B"]
[Black "Itkis,B"]
[Result "1/2-1/2"]
[WhiteElo "2508"]
[BlackElo "2447"]

1.Nf3 d5 2.g3 c6 3.Bg2 Bg4 4.O-O Nd7 5.d4 e6 6.Re1 Ngf6 7.Nbd2 Be7 8.e4 dxe4
9.Nxe4 Nxe4 10.Rxe4 Nf6  1/2-1/2

[Event "XV Asiad Men's Rapid"]
[Site "Doha QAT"]
[Date "2006.12.03"]
[Round "4"]
[White "Dableo,R"]
[Black "Adianto,U"]
[Result "1-0"]
[WhiteElo "2425"]
[BlackElo "2589"]

1.Nf3 d5 2.g3 Nf6 3.Bg2 c6 4.O-O Bf5 5.d3 e6 6.Nbd2 h6 7.Ne5 Bd6 8.e4 Bh7
9.Nxf7 Kxf7 10.f4 dxe4 11.dxe4 Re8 12.Kh1 Bf8 13.g4 Kg8 14.Qe2 Na6 15.b3 Qd4
16.Rb1 Rad8 17.g5 hxg5 18.fxg5 Nd7 19.Bb2 Qc5 20.Nf3 Bg6 21.Nh4 Qxg5 22.Nxg6 Qxg6
23.e5 Ndc5 24.Rf4 Nc7 25.Rg1 Qh7 26.b4 Na4 27.Be4 Qh8 28.Bg6 Re7 29.Qf2 Qh6
30.Bc1 Nc3 31.Qg2 Qh8 32.Rf3 Nd1 33.Rgf1 Qh4 34.Bg5 Qxb4 35.Qh3  1-0

[Event "75th ch-UKR w"]
[Site "Odessa UKR"]
[Date "2006.12.03"]
[Round "8"]
[White "Vozovic,O"]
[Black "Gaponenko,I"]
[Result "1/2-1/2"]
[WhiteElo "2352"]
[BlackElo "2448"]

1.Nf3 d5 2.g3 Nf6 3.Bg2 e6 4.O-O Be7 5.c4 dxc4 6.Qa4+ Nbd7 7.Qxc4 a6 8.Qc2 c5
9.d4 O-O 10.Nc3 Ra7 11.Rd1 b5 12.d5 exd5 13.Nxd5 Nxd5 14.Rxd5 Qb6 15.Be3 Rc7
16.Bf4 Ra7 17.Ng5 Nf6 18.Be5 g6 19.Rd2 Ng4 20.Bf4 c4 21.e3 Bb4 22.Rdd1 Re8
23.h3 Ne5 24.Bxe5 Rxe5 25.Nf3 Bf5 26.Qc1 Re8 27.Nd4 Be4 28.Bxe4 Rxe4 29.a4 Bc5
30.axb5 Bxd4 31.Rxd4 Rxd4 32.exd4 axb5 33.Rxa7 Qxa7 34.Qe3 Qa1+ 35.Kg2 Qxb2
36.Qe8+ Kg7 37.Qe5+ Kg8  1/2-1/2

[Event "ch-ROM"]
[Site "Predeal ROM"]
[Date "2006.12.04"]
[Round "8"]
[White "Szabo,G ROM"]
[Black "Parligras,M"]
[Result "1/2-1/2"]
[WhiteElo "2465"]
[BlackElo "2511"]

1.Nf3 d5 2.g3 c6 3.Bg2 Bg4 4.c4 e6 5.Qb3 Qb6 6.d4 Nd7 7.O-O Ngf6 8.Nc3 Be7
9.Bf4 O-O 10.Rfd1 Rfd8 11.c5 Qxb3 12.axb3 a6 13.b4 h6 14.Nd2 Bf5 15.f3 g5
16.Be3 Ne8 17.Bf2 Nc7 18.e4 Bg6 19.Nb3 f5 20.Na5 Rab8 21.Re1 Kf7 22.Re2 Bf6
23.Rae1 Nf8 24.e5  1/2-1/2

[Event "ch-ROM"]
[Site "Predeal ROM"]
[Date "2006.12.04"]
[Round "8"]
[White "Badea,B"]
[Black "Miron,L"]
[Result "1-0"]
[WhiteElo "2508"]
[BlackElo "2300"]

1.Nf3 d5 2.g3 c6 3.Bg2 Nf6 4.O-O Bg4 5.d4 Nbd7 6.Nbd2 e6 7.Re1 Bd6 8.e4 dxe4
9.Nxe4 Nxe4 10.Rxe4 Bh5 11.c3 O-O 12.Qb3 Qc7 13.Nd2 Bg6 14.Re1 e5 15.Nc4 exd4
16.Nxd6 Qxd6 17.Bf4 Qf6 18.Rad1 Rad8 19.cxd4 Nb6 20.Be5 Qe6 21.d5 Qc8 22.dxc6 bxc6
23.Qc3 f6 24.Bd4 Nd5 25.Qc5 Rf7 26.Rc1 Rc7 27.Bc3 Nxc3 28.Rxc3 Bf7 29.Rce3 Qa6
30.b3 Qxa2 31.Bxc6 Qd2 32.b4 Qd6 33.Re8+ Bxe8 34.Rxe8+ Rxe8 35.Qxd6  1-0

[Event "ch-ROM"]
[Site "Predeal ROM"]
[Date "2006.12.06"]
[Round "10"]
[White "Voiteanu,G"]
[Black "Chirila,I"]
[Result "0-1"]
[WhiteElo "2218"]
[BlackElo "2308"]

1.Nf3 d5 2.g3 Bg4 3.Bg2 c6 4.d4 Nd7 5.O-O Ngf6 6.c4 e6 7.Qb3 Qb6 8.c5 Qa6
9.Nc3 Be7 10.Bf4 O-O 11.Rfe1 b6 12.cxb6 axb6 13.Ne5 Nxe5 14.Bxe5 Nd7 15.h3 Bh5
16.g4 Bg6 17.e4 Nxe5 18.dxe5 Bc5 19.exd5 cxd5 20.Rad1 Kh8 21.a3 f5 22.exf6 Rxf6
23.Rd2 Raf8 24.Nd1 Qa5 25.Ree2 Rxf2 26.Nxf2 Rxf2 27.Kh1 Qxd2 28.Rxd2 Rxd2
29.h4 h5 30.gxh5 Bc2 31.Qb5 Rd1+ 32.Bf1 Be4+ 33.Kh2 Rd2+ 34.Kh3 Kh7 35.Qe8 Rf2
36.Bb5 Bd6  0-1

[Event "12th Open"]
[Site "Navalmoral de la Mata ESP"]
[Date "2006.12.07"]
[Round "3"]
[White "Strikovic,A"]
[Black "Almagro Mazariegos,S"]
[Result "1-0"]
[WhiteElo "2535"]
[BlackElo "2306"]

1.Nf3 d5 2.g3 Nf6 3.Bg2 g6 4.b3 Bg7 5.Bb2 O-O 6.c4 c6 7.O-O Qb6 8.Qc2 Na6
9.d3 Bg4 10.Nbd2 Bxf3 11.Nxf3 Nb4 12.Qd2 a5 13.a3 Na6 14.cxd5 Nxd5 15.Bxg7 Kxg7
16.Qb2+ Nf6 17.d4 Rfd8 18.Rac1 Rac8 19.Rc4 Rd5 20.Nd2 Rb5 21.Rfc1 Rd8 22.e3 h5
23.h4 Nc7 24.Bxc6  1-0

[Event "UTD GM Invitational"]
[Site "Dallas USA"]
[Date "2006.12.08"]
[Round "4"]
[White "Panchanathan,M"]
[Black "Schneider,Ig"]
[Result "1-0"]
[WhiteElo "2485"]
[BlackElo "2369"]

1.Nf3 d5 2.g3 c6 3.Bg2 Bf5 4.O-O e6 5.d3 Nf6 6.Nbd2 h6 7.Re1 Bc5 8.h3 Bh7
9.b3 O-O 10.Bb2 Nbd7 11.e4 a5 12.c4 a4 13.Bc3 axb3 14.axb3 Rxa1 15.Qxa1 dxe4
16.dxe4 Qb6 17.Re2 Bb4 18.e5 Ne8 19.Nd4 Nc7 20.Be4 Nc5 21.Bxh7+ Kxh7 22.Bxb4 Qxb4
23.Nc2 Qb6 24.b4 Nd7 25.Qc3 Kg8 26.Ne4 Qa6 27.Rd2 Nb6 28.Rd4 Qa2 29.Kg2 Na4
30.Qd2 Ne8 31.Nf6+ Kh8 32.Rh4 Nxf6 33.exf6  1-0

[Event "V Ilijas Subasic Mem"]
[Site "Zenica BIH"]
[Date "2006.12.08"]
[Round "1"]
[White "Dumpor,A"]
[Black "Atalik,S"]
[Result "0-1"]
[WhiteElo "2411"]
[BlackElo "2583"]

1.Nf3 d5 2.g3 g6 3.Bg2 Bg7 4.c4 dxc4 5.Qa4+ Nc6 6.Qxc4 h6 7.O-O e5 8.d3 Nge7
9.Nc3 O-O 10.Be3 Nf5 11.Bc5 Re8 12.Rfe1 Ncd4 13.Rac1 c6 14.Nxd4 exd4 15.Ne4 Be6
16.Qc2 Bd5 17.a4 b6 18.Ba3 a5 19.b3 c5 20.Rb1 Ne7 21.Bh3 Nc6 22.Rbd1 Ra7
23.Nd2 h5 24.Nc4 Bh6 25.Bc1 Nb4 26.Qb1 Bxc1 27.Qxc1 Rae7 28.Qd2 h4 29.Bg4 f5
30.Bf3 Bxf3 31.exf3 h3 32.Rxe7 Rxe7 33.Kf1 Qd5 34.Qf4 Kg7 35.Qd6 Qxd6 36.Nxd6 Re6
37.Nc4 g5 38.Rd2 Kf6 39.Nb2 Nc6 40.Re2 Ne5 41.g4 fxg4 42.fxg4 Nxg4 43.Rxe6+ Kxe6
44.Nc4 Nxh2+ 45.Kg1 Nf3+ 46.Kh1 Ne5 47.Nxb6 Nxd3 48.Nc4 Nxf2+ 49.Kh2 d3 50.Kg3 Ne4+
51.Kxh3 d2 52.Nxd2 Nxd2 53.Kg2  0-1

[Event "3rd Rapid Masters"]
[Site "Benidorm ESP"]
[Date "2006.12.09"]
[Round "6"]
[White "Frois,A"]
[Black "Delchev,A"]
[Result "0-1"]
[WhiteElo "2345"]
[BlackElo "2628"]

1.Nf3 d5 2.g3 Nc6 3.Bg2 e5 4.d3 Be7 5.O-O Nf6 6.c3 O-O 7.Qc2 Bf5 8.Nh4 Bg4
9.e4 Qd7 10.Re1 d4 11.Nd2 Rad8 12.Bf1 Nh5 13.Nf5 Bxf5 14.exf5 Qxf5 15.Ne4 Nf6
16.Bg2 Nd7 17.Qb3 Nb6 18.c4 Qe6 19.Bd2 h6 20.f4 f5 21.Nf2 e4 22.dxe4 Qxc4
23.Nd3 fxe4 24.Bxe4 Qxb3 25.axb3 Nd5 26.Rac1 Rf7 27.Bg6 Rf6 28.Be4 Bf8 29.h4 a5
30.Kg2 Bb4 31.Bxb4 Ndxb4 32.Nxb4 Nxb4 33.Rxc7 d3 34.Rd1 b6 35.h5 Re6 36.Kf3 Kf8
37.Bg6 d2 38.Be4 Rd4 39.Rc4 Rexe4  0-1

[Event "Bundesliga 2006-7"]
[Site "Bremen GER"]
[Date "2006.12.09"]
[Round "5"]
[White "Stohl,I"]
[Black "Schandorff,L"]
[Result "1/2-1/2"]
[WhiteElo "2551"]
[BlackElo "2534"]

1.Nf3 d5 2.g3 Bg4 3.Bg2 Nd7 4.c4 e6 5.b3 c6 6.Bb2 Ngf6 7.h3 Bxf3 8.Bxf3 Bd6
9.Bg2 O-O 10.O-O Qe7 11.d3 Rfd8 12.Nd2 Ba3 13.Qc1 Bxb2 14.Qxb2 a5 15.Rac1 Nb6
16.d4 a4 17.b4 Ne8 18.c5 Nd7 19.b5 Nc7 20.bxc6 bxc6 21.e3 Rdb8 22.Qc2 Nb5
23.Rfe1 Qd8 24.Bf1 Qa5 25.Nf3 Rb7 26.Bd3 h6 27.Qd2 Qxd2 28.Nxd2 Rab8 29.Nf3 Kf8  1/2-1/2

[Event "Bundesliga 2006-7"]
[Site "Solingen GER"]
[Date "2006.12.09"]
[Round "5"]
[White "Hausrath,D"]
[Black "Handke,F"]
[Result "1/2-1/2"]
[WhiteElo "2529"]
[BlackElo "2459"]

1.Nf3 d5 2.g3 Nf6 3.Bg2 c6 4.c4 Bg4 5.Ne5 Be6 6.cxd5 Bxd5 7.Nf3 c5 8.Nc3 Bc6
9.O-O Nbd7 10.d3 e6 11.e4 Be7 12.Qe2 O-O 13.d4 Re8 14.Rd1 Bf8 15.Qc2 b6 16.d5 exd5
17.exd5 Bb7 18.Bf4 a6 19.a4 Rc8 20.Re1 Rxe1+ 21.Rxe1 b5 22.axb5 axb5 23.Nxb5 Bxd5
24.Nc3 Bc6 25.Rd1 Qb6 26.Ne5  1/2-1/2

[Event "V Ilijas Subasic Mem"]
[Site "Zenica BIH"]
[Date "2006.12.09"]
[Round "2"]
[White "Vukic,M"]
[Black "Berkes,F"]
[Result "1/2-1/2"]
[WhiteElo "2504"]
[BlackElo "2589"]

1.Nf3 d5 2.g3 c6 3.Bg2 Bg4 4.b3 Nd7 5.Bb2 Qb8 6.d4 e6 7.Nbd2 Ngf6 8.O-O Be7
9.c4 O-O 10.Re1 a5 11.a3 Rd8 12.Qc1 h6 13.e4 dxe4 14.Nxe4 Nxe4 15.Rxe4 Bf5
16.Re3 Bf6 17.Bc3 b5 18.c5 Qc7 19.b4 axb4 20.axb4 Nf8 21.Qb2 Ng6 22.Ree1 Ne7
23.Rxa8 Rxa8 24.Ra1 Qd8 25.Nd2 Nd5 26.Nb3 Rxa1+ 27.Qxa1 Kh7 28.Bd2 Bc2 29.Na5 Qd7
30.Qb2 Bf5 31.h4 g5 32.hxg5 hxg5 33.Qa1 Kg7 34.Qb2 Bd8 35.Qa1 Bf6  1/2-1/2

[Event "Bundesliga 2006-7"]
[Site "Bremen GER"]
[Date "2006.12.10"]
[Round "6"]
[White "Markos,J"]
[Black "Sebastian,D"]
[Result "1/2-1/2"]
[WhiteElo "2538"]
[BlackElo "2384"]

1.Nf3 d5 2.g3 Bg4 3.Bg2 Nd7 4.c4 e6 5.b3 Ngf6 6.Bb2 Bd6 7.O-O O-O 8.d3 c6
9.Nbd2 Qe7 10.a3 e5 11.h3 Bh5 12.e4 Nc5 13.Qc2 Bxf3 14.Bxf3 dxe4 15.dxe4 Ne6
16.Bg2 Nd7 17.Nf3 Rfd8 18.h4 f6 19.Bh3 Ndf8 20.b4 c5 21.b5 Nd4 22.Bxd4 cxd4
23.Qd3 Ne6 24.Bxe6+ Qxe6 25.Kg2 Rdc8 26.Nd2 Rc7 27.Rfb1 Qe7 28.h5 Bc5 29.Qb3 Qf7
30.h6 g6 31.a4 Rd8 32.a5 Rcc8 33.Ra4 Rd7 34.Qd3 Bf8 35.Rh1 Qe6 36.Nb3 Rdc7
37.Nd2 Rd7 38.Nb3 Rdc7 39.Nd2 Be7 40.Rb1 Rc5 41.Rb2 Bf8 42.Rc2 R5c7 43.Nb3 Bc5
44.Rc1 Rd7 45.Rc2  1/2-1/2

[Event "Bundesliga 2006-7"]
[Site "Solingen GER"]
[Date "2006.12.10"]
[Round "6"]
[White "Schebler,G"]
[Black "Ernst,S"]
[Result "1/2-1/2"]
[WhiteElo "2535"]
[BlackElo "2512"]

1.Nf3 d5 2.g3 Nf6 3.Bg2 e6 4.O-O Be7 5.c4 O-O 6.d4 Nbd7 7.Qc2 c6 8.Rd1 b6
9.b3 Ba6 10.Nbd2 Re8 11.e4 c5 12.exd5 exd5 13.Qf5 g6 14.Qh3 Rc8 15.Bb2 Rc7
16.cxd5 Nxd5 17.Nc4  1/2-1/2

[Event "UTD GM Invitational"]
[Site "Dallas USA"]
[Date "2006.12.11"]
[Round "8"]
[White "Panchanathan,M"]
[Black "Novikov,I"]
[Result "1/2-1/2"]
[WhiteElo "2485"]
[BlackElo "2568"]

1.Nf3 d5 2.g3 c6 3.Bg2 Bg4 4.O-O Nd7 5.d4 e6 6.Nbd2 Ngf6 7.Re1 Be7 8.e4 dxe4
9.Nxe4 Nxe4 10.Rxe4 Bf5  1/2-1/2

[Event "XV Asiad Classical"]
[Site "Doha QAT"]
[Date "2006.12.11"]
[Round "6"]
[White "Dableo,R"]
[Black "Gundavaa,B"]
[Result "1/2-1/2"]
[WhiteElo "2425"]
[BlackElo "2237"]

1.Nf3 d5 2.g3 Nf6 3.Bg2 c6 4.O-O e6 5.b3 Bd6 6.Bb2 O-O 7.c4 Nbd7 8.d4 b6
9.Nc3 Bb7 10.Re1 Re8 11.e4 dxe4 12.Nxe4 Nxe4 13.Rxe4 c5 14.Re2 Nf6 15.Qc2 cxd4
16.Bxd4 Bxf3 17.Bxf3 Rc8 18.Rd1 Qe7 19.Red2 Bb4 20.Bc3 Bxc3 21.Qxc3 b5 22.a4 bxc4
23.b4 e5 24.b5 e4 25.Bg2 Qc5 26.Rd4 h5 27.Rc1 Nd5 28.Qa1 c3 29.Rxe4 Rxe4
30.Bxe4 Nb4 31.a5 Qd4 32.Bc6 Nxc6 33.Rxc3 Rb8 34.bxc6 Rb3 35.Rc1 Qxa1 36.Rxa1 Rc3
37.Rb1 Rxc6 38.Kg2 Rc5 39.Rb8+ Kh7 40.a6 Ra5 41.Rb7 Rxa6 42.Rxf7 Kg6 43.Rf8 Rb6
44.Ra8 a6 45.Kh3 Kf6 46.f4 g6 47.Kh4 Rc6 48.h3 Rb6 49.Ra7 Kf5 50.Rc7 Kf6
51.g4 hxg4 52.hxg4 g5+ 53.Kh5 gxf4 54.g5+ Kf5 55.Rf7+ Ke4 56.Kg4 a5 57.Rf6 Rb8
58.g6 Kd3 59.Ra6 Rg8 60.Kxf4 Kc4 61.Kf5 Kb4 62.Rb6+ Kc3 63.Rc6+ Kb4 64.Rb6+ Kc3
65.Ra6 Kb4 66.Kf6 a4 67.Kf7 Rxg6 68.Kxg6 a3 69.Kf5 Kb3 70.Ke4 a2 71.Kd3 Kb2
72.Kd2  1/2-1/2

[Event "ch-Nassau"]
[Site "Mineola USA"]
[Date "2006.12.11"]
[Round "10"]
[White "Luchan,J"]
[Black "Weser,A"]
[Result "0-1"]
[WhiteElo "2123"]
[BlackElo "2100"]

1.Nf3 d5 2.g3 c5 3.Bg2 Nc6 4.O-O e5 5.d3 Bd6 6.e4 d4 7.c3 Bg4 8.h3 Bd7 9.Na3 Nge7
10.Nc4 Qc7 11.a4 b6 12.Bd2 O-O 13.Rc1 a6 14.cxd4 cxd4 15.b4 b5 16.axb5 axb5
17.Na5 Qb6 18.Qb3 Be6 19.Qb2 f6 20.Ra1 Nxa5 21.bxa5 Qa6 22.Rfb1 Rfb8 23.Nh4 Nc6
24.f4 b4 25.Nf3 Qxd3 26.fxe5 Nxe5 27.Nxe5 fxe5 28.Kh2 b3 29.Rc1 Rc8 30.Bf1 Qxe4
31.Bg2 Qe2 32.Re1 Qh5 33.g4 e4+ 34.Kg1 Qe5 35.Rxe4 Qh2+ 36.Kf1 Bc4+ 37.Kf2 Rf8+
38.Bf4 Rxf4+ 39.Rxf4 Qxf4+ 40.Kg1 Qh2+ 41.Kf2 Rf8+ 42.Ke1 Qg1+  0-1

[Event "UTD GM Invitational"]
[Site "Dallas USA"]
[Date "2006.12.12"]
[Round "10"]
[White "Panchanathan,M"]
[Black "Kuljasevic,D"]
[Result "1-0"]
[WhiteElo "2485"]
[BlackElo "2448"]

1.Nf3 d5 2.g3 Nf6 3.Bg2 c6 4.O-O Bg4 5.d4 Nbd7 6.Nbd2 e6 7.Re1 Be7 8.e4 dxe4
9.Nxe4 Nxe4 10.Rxe4 Nf6 11.Re1 O-O 12.h3 Bxf3 13.Bxf3 Qb6 14.c3 Rad8 15.Qe2 Rd7
16.Kg2 c5 17.dxc5 Bxc5 18.b4 Be7 19.a3 a5 20.Be3 Qc7 21.Rac1 Rc8 22.Qb5 Nd5
23.Bd4 Bf6 24.Red1 Qc6 25.Qxa5 Qc4 26.Bxf6 gxf6 27.Bxd5 Rxd5 28.Rxd5 exd5
29.Rd1 Qe4+ 30.Kg1 Rxc3 31.Qxd5 Qxd5 32.Rxd5 Rxa3 33.Rd7 Rb3 34.Rxb7 f5 35.Kg2 f4
36.g4 Kg7 37.b5 h6 38.b6 Kf6 39.Rb8 Kg7 40.f3 Rb2+ 41.Kf1 Kf6 42.b7 Kg7 43.Ke1 Rb1+
44.Kd2 Rb3 45.Kc2 Rb4 46.Kc3 Rb1 47.Kd4 Rb5 48.Ke4 Rb4+ 49.Ke5 Rb3 50.Kxf4 Rb1
51.h4 Rb5 52.g5 hxg5+ 53.hxg5 Rb1 54.Ke3 Rb3+ 55.Kd2  1-0

[Event "V Ilijas Subasic Mem"]
[Site "Zenica BIH"]
[Date "2006.12.12"]
[Round "5"]
[White "Drasko,M"]
[Black "Atalik,S"]
[Result "1/2-1/2"]
[WhiteElo "2547"]
[BlackElo "2583"]

1.Nf3 d5 2.g3 g6 3.Bg2 Bg7 4.d4 c6 5.O-O Nf6 6.Be3 O-O 7.Qc1 Bg4 8.Rd1 Nbd7
9.Nc3 Re8 10.Bh6 Bxf3 11.Bxf3 e5 12.Bxg7 Kxg7 13.dxe5 Nxe5 14.Bg2 Qb6 15.b3 Neg4
16.Qf4 h5 17.h3 Nh6 18.Rd3 Re7 19.Rad1 Rae8 20.e3 Qc7 21.Qxc7 Rxc7 22.Ne2 Nf5
23.c4 dxc4 24.bxc4 Ne4 25.Bxe4 Rxe4 26.Nd4 Nxd4 27.exd4 c5 28.f3 Re2 29.R1d2 Re1+
30.Kf2 Rc1 31.dxc5 Rxc4 32.Rd5 R4xc5 33.Rxc5 Rxc5 34.Rd7 Rb5 35.h4 a5 36.Ke3 Re5+
37.Kf4 Rf5+ 38.Ke4 b5 39.a3 Rc5 40.Rb7 a4 41.Kd4 Rc1 42.Ke3 Rb1 43.Kf4 Kf6
44.g4 Ke6 45.gxh5 gxh5 46.Kg5 Kd5 47.Kxh5 Kc6 48.Rxf7 Rb3 49.Kg5 Rxa3 50.h5 Ra1
51.h6 Rg1+ 52.Kf4 Rh1 53.h7 Kb6 54.Kg5 Ka5 55.Ra7+ Kb6 56.Rf7 Ka5 57.Ra7+ Kb4
58.f4 a3 59.f5 Kb3 60.f6 a2 61.Rxa2 Rxh7  1/2-1/2

[Event "13th Open A"]
[Site "Zadar CRO"]
[Date "2006.12.13"]
[Round "4"]
[White "Biliskov,V"]
[Black "Hoelzl,F"]
[Result "1-0"]
[WhiteElo "2346"]
[BlackElo "2351"]

1.Nf3 d5 2.g3 Bg4 3.Bg2 Nd7 4.c4 dxc4 5.Na3 c6 6.Nxc4 Ngf6 7.O-O e6 8.b3 Be7
9.Bb2 O-O 10.d3 Bh5 11.h3 Nb6 12.e4 Nxc4 13.bxc4 Nd7 14.d4 Qb6 15.Rb1 Qa6
16.Qb3 Rad8 17.Bc3 b6 18.Nd2 e5 19.g4 exd4 20.Bxd4 Bg6 21.Rbd1 Rfe8 22.Qc3 Bf8
23.f4 f6 24.Rfe1 Nc5 25.Kh1 Qa4 26.f5 Bf7 27.g5 fxg5 28.e5 Bh5 29.Rb1 g6
30.Bxc5 Bxc5 31.Ne4 Bd4 32.Nf6+ Kf7 33.Qg3 Bxe5 34.Rxe5 Kxf6 35.Rxe8 Rxe8
36.Qd6+ Kf7 37.Qd7+ Kf8 38.f6  1-0

[Event "6th Amplico AIG Life"]
[Site "Warsaw POL"]
[Date "2006.12.16"]
[Round "8"]
[White "Kveinys,A"]
[Black "Schmidt,Wl"]
[Result "1/2-1/2"]
[WhiteElo "2540"]
[BlackElo "2435"]

1.g3 d5 2.Nf3 g6 3.c4 Nf6 4.b3 Bg7 5.Bb2 dxc4 6.bxc4 c5 7.Bg2 Nc6 8.O-O O-O
9.d3 Re8 10.Nc3 e5 11.Ng5 Nd4 12.Re1 Rb8 13.e3 Ne6 14.Nf3 Nd7 15.Qc2 a6 16.a4 b6
17.Nd2 Bb7 18.Nd5 Nc7 19.Bc3 Nxd5 20.cxd5 Nf6 21.e4 b5 22.axb5 axb5 23.Nb3 Bf8
24.Rec1 Nd7 25.Ba5 Qf6 26.Bh3 Bc8 27.Bd2 c4 28.dxc4 bxc4 29.Na5 Nc5 30.Bf1 Nb3
31.Rab1 Bc5 32.Bc3 Nxc1 33.Rxb8 Nd3 34.Bxd3 cxd3 35.Qd2 Bd7 36.Nc4 Qf3 37.Rxe8+ Bxe8
38.Nxe5 Qxe4 39.Nxd3 Qxd5 40.Nxc5 Qxc5 41.Bb2 Qe7 42.f3 h5 43.Kf2 f6 44.h4 Qe6
45.Qd4 Kf7 46.Bc3 Bb5 47.g4 hxg4 48.fxg4 Qe2+ 49.Kg3 Qd3+ 50.Qxd3 Bxd3 51.g5 fxg5
52.hxg5  1/2-1/2

[Event "V Ilijas Subasic Mem"]
[Site "Zenica BIH"]
[Date "2006.12.16"]
[Round "9"]
[White "Vukic,M"]
[Black "Muratovic,En"]
[Result "1-0"]
[WhiteElo "2504"]
[BlackElo "2265"]

1.Nf3 d5 2.g3 c6 3.Bg2 Bg4 4.O-O Nd7 5.d4 e6 6.Nbd2 Ngf6 7.Re1 h6 8.e4 dxe4
9.Nxe4 Nxe4 10.Rxe4 Nf6 11.Re1 Be7 12.c3 O-O 13.Qb3 Bxf3 14.Bxf3 Qb6 15.Qc2 Nd5
16.Bd2 a5 17.a4 Bf6 18.Rad1 Rfd8 19.Bc1 Rac8 20.Kg2 Rd7 21.Be4 Rcd8 22.Qe2 c5
23.dxc5 Qxc5 24.Bc2 Bg5 25.f4 Bf6 26.h4 Qc6 27.Qf3 Nb6 28.Qxc6 bxc6 29.Kf3 Nc4
30.Rxd7 Rxd7 31.Rd1 Rd5 32.Bb3 Rxd1 33.Bxd1 Nd6 34.h5 Kf8 35.g4 Ke8 36.Be2 Kd7
37.Bd3 c5 38.g5 Bd8 39.b3 f5 40.gxf6 Bxf6 41.Bd2 Kc6 42.b4 axb4 43.cxb4 cxb4
44.Bxb4 Bd4 45.Be4+ Kc7 46.a5 Ne8 47.Ke2 Nf6 48.Bf3 Nd5 49.Bxd5 exd5 50.Kd3 Bf6
51.Bc3 Bd8 52.Bxg7 Kc6 53.Bxh6 Bf6 54.Bg5 Bh8 55.f5  1-0

[Event "XIX Carlos Torre Mem"]
[Site "Merida MEX"]
[Date "2006.12.17"]
[Round "5"]
[White "Graf,A"]
[Black "Nogueiras,J"]
[Result "1/2-1/2"]
[WhiteElo "2601"]
[BlackElo "2554"]

1.Nf3 d5 2.g3 Nf6 3.Bg2 e6 4.O-O Be7 5.c4 O-O 6.d4 c6 7.Nc3 Nbd7 8.Qb3 b6
9.Bf4 Bb7 10.Rfd1 Nh5 11.Bd2 Nhf6 12.Rac1 dxc4 13.Qxc4 b5 14.Qd3 Qb6 15.Bg5 Rfd8
16.Ne4 c5 17.Bxf6 gxf6 18.Qe3 cxd4 19.Qxd4 Rab8 20.Qxb6  1/2-1/2

[Event "6th Amplico AIG Life"]
[Site "Warsaw POL"]
[Date "2006.12.17"]
[Round "10"]
[White "Markowski,T"]
[Black "Rajlich,I"]
[Result "1/2-1/2"]
[WhiteElo "2561"]
[BlackElo "2432"]

1.g3 d5 2.Nf3 g6 3.Bg2 Bg7 4.d4 c6 5.O-O Nd7 6.Nbd2 Ngf6 7.c4 O-O 8.b3 e5
9.dxe5 Ng4 10.Bb2 Ndxe5 11.Nxe5 Nxe5 12.cxd5 cxd5 13.Bd4 Bg4 14.h3 Be6 15.Kh1 Qd7
16.f4 Ng4 17.Nf3 Nf6 18.Kh2 Rfc8 19.Rc1 Qe8 20.Be5 Bf5 21.Qd4 Rc6 22.Qb2 Be4
23.Rxc6 Qxc6 24.Rc1 Qa6 25.Bf1 Bxf3 26.exf3 Qb6 27.Qd4 Ne8 28.Qxb6 axb6 29.a4 Rd8
30.Bd3 d4 31.Kg2 f6 32.Bc7 Rc8 33.Bc4+ Kf8 34.Bxb6 f5 35.Ba5 Bf6 36.Re1 Be7
37.g4 Nd6 38.Bd3 b6 39.Bd2 Kf7 40.Rc1 Rxc1 41.Bxc1 Ke6 42.Kf2 Bh4+ 43.Ke2 Bg3
44.b4 Kd5 45.a5 b5 46.a6 Kc6 47.Bb2 Kb6 48.Bxd4+ Kxa6 49.Be3 Nc4 50.Bc1 Nd6
51.Bc2 Kb6 52.Kd3 Be1 53.Be3+ Kc6 54.Bc5 Kd5 55.Bb3+ Nc4 56.Bf8 Bg3 57.Bxc4+ bxc4+
58.Ke3 Bh2 59.b5 Bg1+ 60.Kd2 Bc5 61.Bg7 Bb6 62.Bf8 Bc5 63.Bg7 Bb6 64.Bf8 Bc5
65.Bg7 Bb6 66.Ke1  1/2-1/2

[Event "6th Amplico AIG Life"]
[Site "Warsaw POL"]
[Date "2006.12.17"]
[Round "13"]
[White "Zickus,S"]
[Black "Sulypa,A"]
[Result "0-1"]
[WhiteElo "2260"]
[BlackElo "2478"]

1.Nf3 d5 2.g3 Bg4 3.Bg2 Nd7 4.d4 e6 5.O-O Ngf6 6.Nbd2 Be7 7.Re1 O-O 8.e4 dxe4
9.Nxe4 c5 10.dxc5 Nxc5 11.Qxd8 Raxd8 12.Nxc5 Bxc5 13.Ne5 Bf5 14.c3 Nd5 15.a4 f6
16.Nf3 e5 17.Nd2 a5 18.Ne4 Bb6 19.Ra3 Be6 20.Bf1 Ne7 21.b4 Bd5 22.Nd2 Rc8
23.b5 Rfd8 24.c4 Be6 25.Rc3 Bc5 26.Bg2 b6 27.Rf1 Bb4 28.Rc2 Nf5 29.Kh1 Nd4
30.Ra2 Ne2 31.Ra1  0-1

[Event "Sub-Zt 2.3.4 Femino"]
[Site "Bogota COL"]
[Date "2006.12.21"]
[Round "4"]
[White "Franco,B"]
[Black "Mateus,Mar"]
[Result "0-1"]
[WhiteElo "2097"]
[BlackElo "2094"]

1.Nf3 d5 2.g3 Nf6 3.Bg2 c5 4.d3 Nc6 5.Nbd2 Bg4 6.h3 Bh5 7.g4 Bg6 8.Nh4 e6
9.Nxg6 hxg6 10.e4 Qc7 11.exd5 Nxd5 12.Ne4 O-O-O 13.Be3 f5 14.Ng5 Nxe3 15.fxe3 Qg3+
16.Kf1 Be7 17.Qf3 Qe5 18.Nf7 Qxb2 19.Qd1 fxg4 20.Nxh8 Rf8+ 21.Ke2 Rxh8 22.hxg4 Rxh1
23.Bxh1 Nb4 24.Rb1 Qe5 25.Qg1 Qc3 26.Qd1 b6 27.a4 Bg5 28.Rc1 Qe5 29.Qg1 Na2
30.Rf1 Nc3+ 31.Kd2 Nxa4 32.Rf8+ Kc7 33.Rf1 Qc3+ 34.Kc1 Qa1+ 35.Kd2 Qc3+ 36.Kc1 Bf6
37.d4 cxd4 38.exd4 Bg5+  0-1

[Event "44th National A ch-IND"]
[Site "Atul IND"]
[Date "2006.12.23"]
[Round "7"]
[White "Palit,S"]
[Black "Roy Chowdhury,S"]
[Result "1/2-1/2"]
[WhiteElo "2306"]
[BlackElo "2423"]

1.Nf3 d5 2.g3 c6 3.Bg2 Bg4 4.O-O Nd7 5.d4 Ngf6 6.Nbd2 e6 7.Re1 Be7 8.e4 O-O
9.c3 Ne8 10.Qb3 Qc7 11.Nf1 Nd6 12.Bf4 dxe4 13.Rxe4 Nf6 14.Ree1 Nd5 15.Bd2 Bxf3  1/2-1/2

[Event "Masters"]
[Site "Singapore SIN"]
[Date "2006.12.26"]
[Round "2"]
[White "Vijayalakshmi,S"]
[Black "Ariskin,A"]
[Result "1/2-1/2"]
[WhiteElo "2424"]
[BlackElo "2300"]

1.Nf3 d5 2.g3 Nf6 3.Bg2 Bf5 4.d3 Nc6 5.Nbd2 e5 6.O-O Be7 7.c3 O-O 8.b4 e4
9.Nh4 Bd7 10.dxe4 Nxe4 11.Nxe4 dxe4 12.Bxe4 Bxh4 13.gxh4 Qxh4 14.f4 Rfe8
15.Bd3 Bh3 16.Rf3 Rad8 17.Be3 Bf5 18.Qf1 Bxd3 19.exd3 Rd6 20.Rd1 Ree6 21.Bf2 Qg4+
22.Bg3 Re2 23.a4 h5 24.h3 Qf5 25.Re1 Rxe1 26.Bxe1 Re6 27.Bh4 Ne7 28.Bf2 a6
29.Bd4 Ng6 30.Qf2 h4 31.Kf1 Re8 32.Qg2 f6 33.Qg4 Qxg4 34.hxg4 Kf7 35.Bf2 Rh8
36.d4 c6 37.Kg2 f5 38.g5 Re8 39.Be3 b5 40.axb5 axb5 41.Kf2 Ke6 42.Ke2 Kd5
43.Kd3 Ra8 44.Rf1 Ra2 45.Bd2 Ra8 46.Rh1 Re8 47.Rh3 Re4 48.Rf3 Re6 49.Rh3 Re7
50.Be3 Rd7 51.Bd2 Rd8 52.Rh1 Rg8 53.Be3 Kd6 54.Bd2 Rh8 55.Rh3 Rh7 56.Be3 Ne7
57.Bd2 Nd5 58.Ke2 Nb6 59.Kd3 Nc4 60.Be1 g6 61.Bf2 Kd5 62.Rxh4 Rxh4 63.Bxh4 Nb2+
64.Kc2 Na4 65.Kd3 Nb6 66.Bf2 Nc4 67.Be1 Nd6 68.Bf2 Ne4 69.Bh4 Nd6 70.Be1 Ne8
71.Bf2 Ng7 72.Bg1 Nh5 73.Bh2 Ng7 74.Bg1 Nh5 75.Bh2 Ng7  1/2-1/2

[Event "15th Donau Open"]
[Site "Aschach an der Donau AUT"]
[Date "2006.12.27"]
[Round "2"]
[White "Dovzik,J"]
[Black "Konrad,E"]
[Result "1-0"]
[WhiteElo "2422"]
[BlackElo "2214"]

1.Nf3 d5 2.g3 Nf6 3.Bg2 Nbd7 4.d4 e6 5.O-O c6 6.c4 Bd6 7.b3 dxc4 8.bxc4 e5
9.e3 O-O 10.Bb2 Qe7 11.Qb3 Re8 12.Nc3 Rb8 13.a4 a5 14.Rfd1 h6 15.Rac1 Qe6
16.Qa2 Bb4 17.dxe5 Ng4 18.Ne2 Ngxe5 19.Nfd4 Qg6 20.Nf4 Qh7 21.Nc2 Be7 22.Bc3 g5
23.Ne2 Nd3 24.Rb1 N7c5 25.Ned4 Bg4 26.f3 Bh5 27.g4 Bg6 28.e4 Nf4 29.Ne3 Bf6
30.Bf1 Bxe4 31.fxe4 Qxe4 32.Nef5 Nfe6 33.Bg2 Qf4 34.Nxe6 fxe6 35.Rf1 Bxc3
36.Rxf4 gxf4 37.Qc2 Be5 38.Nxh6+ Kg7 39.g5 Bd4+ 40.Kh1 Rf8 41.Bf3 Nd7 42.Qe4  1-0

[Event "15th Donau Open"]
[Site "Aschach an der Donau AUT"]
[Date "2006.12.27"]
[Round "3"]
[White "Kirchmayr,W"]
[Black "Dietmayer Kraeutler,M"]
[Result "1/2-1/2"]
[WhiteElo "2093"]
[BlackElo "2212"]

1.Nf3 d5 2.g3 Nf6 3.Bg2 c6 4.b3 Bf5 5.Bb2 Nbd7 6.c4 e6 7.O-O Bd6 8.d3 Qe7
9.Nc3 O-O 10.Nh4 Bg4 11.h3 Bh5 12.cxd5 cxd5 13.Nb5 Bc5 14.Rc1 a6 15.Nd4 Rac8
16.Qd2 Rc7 17.Rc2 Bb4 18.Qc1 Rxc2 19.Qxc2 Nb6 20.Rc1 Nfd7 21.e4 dxe4  1/2-1/2